NBA 2k21 all-time Charlotte Hornets - Statistics

General Stats
  • This quiz has been taken 228 times
  • The average score is 7 of 15
Answer Stats
Overall Player % Correct
89 Kemba Walker
90%
89 Alonzo Mourning
80%
90 Glen Rice
71%
88 Larry Johnson
70%
85 Dell Curry
69%
86 Muggsy Bogues
56%
84 Gerald Wallace
45%
89 Eddie Jones
37%
85 Baron Davis
36%
83 Stephen Jackson
26%
85 Kendall Gill
25%
85 Vlade Divac
25%
81 David Wesley
22%
86 Derrick Coleman
8%
83 P.J. Brown
1%
No matching quizzes found
Score Distribution
Percent of People with Each Score
Percentile by Number Answered
Your Score History
You have not taken this quiz